Gelibolu günlükleri : (Record no. 13116)

MARC details
000 -BAŞLIK
Sabit Uzunlukta Kontrol Alanı 00984nam a22002537a 4500
999 ## - SİSTEM KONTROL NUMARALARI (KOHA)
Koha Biblionumber 13116
Koha Biblioitemnumber 13116
003 - KONTROL NUMARASI IDENTIFIER
Denetim Alanı MIRAKIL
005 - SON İŞLEM TARİHİ VE ZAMANI
Denetim Alanı 20190410153600.0
008 - SABİT-BOY VERİ ELEMANLARI - GENEL BİLGİLER
Sabit Uzunlukta Kontrol Alanı 190410b tu ||||| |||| 00| 0 tur d
020 ## - ULUSLARARASI STANDART KİTAP NUMARASI
Uluslararası Standart Kitap Numarası 9786053323402
040 ## - KATALOGLAMA KAYNAK
Orijinal Kataloglama Ajansı TR-AnCHP
Metne Dönüştürmek Ajansı TR-AnCHP
041 ## - DİL KODU
Metin / Ses Parça Veya Ayrı Başlığın Dil Kodu tur
082 ## - DEWEY ONLU SINIFLANDIRMA NUMARASI
Sınıflandırma Numarası 956.101543
Ürün Numarası K55g 2015
100 ## - ANA GİRİŞ - KİŞİSEL İSİM
Kişisel Ad King, Jonathan
245 10 - BAŞLIK TABLOSU
Başlık Gelibolu günlükleri :
Başlığın Kalan kendi anlatımlarıyla Anzakların gün gün hikayesi /
Sorumluluk Tablosu, Vb Jonathan King ; çeviren: Ali Önsan
260 ## - YAYIN, DAĞITIM, VB
Yayın, Dağıtım, Vb Yeri İstanbul :
Yayıncı, Dağıtıcı, Vs Adı Türkiye İş Bankası Kültür Yayınları,
Yayın, Dağıtım, Vb Tarihi 2015.
300 ## - FİZİKSEL TANIM
Kapsam xxı, 417 s.:
Diğer Fiziksel Ayrıntıları fotğ.;
Boyutlar 20 sm.
490 0# - SERİSİ TABLOSU
Seri Beyanı Türkiye İş Bankası Kültür Yayınları;
-- Çanakkale savaşı dizisi ;
Hacim / Ardışık Tanımı genel yayın: 3206.
-- 5.
500 ## - GENEL NOT
Genel Not Özgün yapıt adı: Gallipoli diaries : Tha Anzac's own story day by day
504 ## - KAYNAKÇA VB NOT
Kaynakça Vb Notu Kaynakça ve dizin vardır.
650 #0 - KONU KATMA GİRİŞ - TOPİKAL DÖNEM
9 (RLIN) 4
Topikal Süreli Veya Coğrafi Ad Giriş Elemanı Türkiye
Genel Alt Bölümü Tarih
650 #0 - KONU KATMA GİRİŞ - TOPİKAL DÖNEM
9 (RLIN) 5121
Topikal Süreli Veya Coğrafi Ad Giriş Elemanı Çanakkale savaşı
Genel Alt Bölümü Tarih
Coğrafi Alt Bölümü Türkiye
700 ## - KATMA GİRİŞ - KİŞİSEL İSİM
9 (RLIN) 5609
Kişisel Ad Önsan, Ali
Relator Terim çev.
942 ## - EKLENDİ GİRİŞ ELEMANLARI (KOHA)
Sınıflandırma Veya Raf Düzeni Kaynak Dewey Decimal Classification
Koha Öğesi Türü Books
Holdings
Kalıcı Konum Mevcut Konum Edinme Tarihi Toplam Check-Out'Lar Tam Çağrı Numarası Barkod Tarih Son Görülme İtibaren Geçerli Fiyatlar Koha Öğesi Türü
CHP Kütüphanesi CHP Kütüphanesi 04/10/2019   956.101543 K55g 2015 019143 04/10/2019 04/10/2019 Books